Ordinary Differential Equations (Record no. 2165)

MARC details
000 -LEADER
fixed length control field 00489nam a2200193 4500
003 - CONTROL NUMBER IDENTIFIER
control field OSt
005 - DATE AND TIME OF LATEST TRANSACTION
control field 20191003145028.0
008 - FIXED-LENGTH DATA ELEMENTS--GENERAL INFORMATION
fixed length control field 150723b xxu||||| |||| 00| 0 eng d
020 ## - INTERNATIONAL STANDARD BOOK NUMBER
International Standard Book Number 0387984593
040 ## - CATALOGING SOURCE
Transcribing agency 040a
082 ## - DEWEY DECIMAL CLASSIFICATION NUMBER
Classification number 515
Item number WAL 1998
100 ## - MAIN ENTRY--PERSONAL NAME
Personal name Walter, Wolfgang
9 (RLIN) 5554
245 ## - TITLE STATEMENT
Title Ordinary Differential Equations
260 ## - PUBLICATION, DISTRIBUTION, ETC. (IMPRINT)
Place of publication, distribution, etc. New York;
Name of publisher, distributor, etc. Springer,
Date of publication, distribution, etc. 1998
300 ## - PHYSICAL DESCRIPTION
Extent x, 378p;
Other physical details ill :
Dimensions 10 cm
504 ## - BIBLIOGRAPHY, ETC. NOTE
Bibliography, etc includes index
650 ## - SUBJECT ADDED ENTRY--TOPICAL TERM
Topical term or geographic name as entry element Equations
9 (RLIN) 5555
942 ## - ADDED ENTRY ELEMENTS (KOHA)
Source of classification or shelving scheme Dewey Decimal Classification
Koha item type Short Loan
Holdings
Withdrawn status Lost status Source of classification or shelving scheme Damaged status Not for loan Home library Current library Date acquired Inventory number Total Checkouts Full call number Barcode Date last seen Price effective from Koha item type
    Dewey Decimal Classification     MUST Main Library MUST Main Library 23/07/2015 2002/17285   515 WAL 1998 2015-2114 23/07/2015 23/07/2015 Short Loan
    Dewey Decimal Classification     MUST Main Library MUST Main Library 23/07/2015 2002/17286   515 WAL 1998 2015-2115 23/07/2015 23/07/2015 Short Loan